[Event "Campeonato de Aragon por Equipos 2025 - "]
[Site "?"]
[Date "2025.03.08"]
[Round "7.36"]
[White "Colon Garcia, Santiago"]
[Black "Ramon Perez, Jose Luis"]
[Result "1/2-1/2"]
[WhiteElo "1939"]
[BlackElo "2120"]
[PlyCount "77"]
[GameId "2155415467144605"]
[EventDate "2025.01.25"]
[WhiteTeam "Marcos Frechin C"]
[BlackTeam "Fraga"]

1. d4 Nf6 2. e3 c5 3. f4 g6 4. Bd3 Bg7 5. Nf3 O-O 6. O-O b6 7. Qe2 d5 8. c3 a5 9. Nbd2 Ba6 10. c4 Nc6 11. Ne5 Rc8 12. Nxc6 Rxc6 13. cxd5 Bxd3 14. Qxd3 Qxd5 15. Nf3 Rd8 16. Ne5 Rcd6 17. Qc4 cxd4 18. exd4 Qxc4 19. Nxc4 Rxd4 20. Ne5 Re4 21. Nf3 Nh5 22. g3 e6 23. Re1 Rc4 24. Be3 Bxb2 25. Rab1 Rc2 26. Bxb6 Rd5 27. Red1 Nf6 28. Rxd5 Nxd5 29. Bxa5 Ba3 30. Bd2 Rxa2 31. Kg2 Bb4 32. Rd1 Bxd2 33. Rxd2 Rxd2+ 34. Nxd2 Kf8 35. Kf3 Ke7 36. Ne4 Nf6 37. Nc5 Kd6 38. Nb7+ Kc7 39. Nc5 1/2-1/2

[Event "Campeonato de Aragon por Equipos 2025 - "]
[Site "?"]
[Date "2025.03.08"]
[Round "7.37"]
[White "Vallverdu Miret, Oscar"]
[Black "Gaspar Calvo, Luis Alberto"]
[Result "1-0"]
[WhiteElo "2028"]
[BlackElo "1901"]
[PlyCount "75"]
[GameId "2155415467181470"]
[EventDate "2025.01.25"]
[WhiteTeam "Fraga"]
[BlackTeam "Marcos Frechin C"]

1. e4 c5 2. c3 g6 3. d4 cxd4 4. cxd4 d5 5. e5 Bg7 6. Nc3 Nc6 7. Bb5 a6 8. Ba4 f6 9. Nf3 Bg4 10. h3 Bxf3 11. Qxf3 b5 12. Bb3 Nxd4 13. Qxd5 Qxd5 14. Nxd5 Nxb3 15. axb3 Rc8 16. O-O fxe5 17. Rxa6 Nf6 18. Nc3 b4 19. Na2 O-O 20. Nxb4 Rb8 21. Nc6 Rxb3 22. Nxe7+ Kh8 23. Re1 e4 24. Re6 Nd7 25. R6xe4 Nc5 26. Rh4 Bf6 27. Nxg6+ Kg8 28. Rxh7 Ra8 29. Rc7 Nd3 30. Re6 Bd4 31. Be3 Bxb2 32. Nf4 Be5 33. Rc4 Rb1+ 34. Kh2 Rf8 35. g3 Nxf4 36. Bxf4 Bxf4 37. Rxf4 Rxf4 38. gxf4 1-0

[Event "Campeonato de Aragon por Equipos 2025 - "]
[Site "?"]
[Date "2025.03.08"]
[Round "7.38"]
[White "Torres Ferrandez, Mario"]
[Black "Aribau Rivas, Miguel Angel"]
[Result "1/2-1/2"]
[WhiteElo "1889"]
[BlackElo "1987"]
[PlyCount "49"]
[GameId "2155415467222431"]
[EventDate "2025.01.25"]
[WhiteTeam "Marcos Frechin C"]
[BlackTeam "Fraga"]

1. e4 c5 2. Nc3 g6 3. g3 Bg7 4. Bg2 Nc6 5. d3 Rb8 6. Be3 d6 7. Qd2 b5 8. Nd1 b4 9. f4 Qc7 10. Nf3 Nf6 11. h3 Nd7 12. O-O O-O 13. f5 Nd4 14. c3 Nxf3+ 15. Rxf3 Ba6 16. c4 Bc8 17. Bf4 Ne5 18. Rf1 a5 19. Ne3 Bb7 20. Ng4 Nxg4 21. hxg4 a4 22. Bh6 Bd4+ 23. Be3 Be5 24. Bf4 Bd4+ 25. Be3 1/2-1/2

[Event "Campeonato de Aragon por Equipos 2025 - "]
[Site "?"]
[Date "2025.03.08"]
[Round "7.39"]
[White "Chine Infantes, Miguel Angel"]
[Black "De Francisco Gracia, Diego"]
[Result "1/2-1/2"]
[WhiteElo "1866"]
[BlackElo "1749"]
[PlyCount "75"]
[GameId "2155415467333024"]
[EventDate "2025.01.25"]
[WhiteTeam "Fraga"]
[BlackTeam "Marcos Frechin C"]

1. e4 e6 2. d4 d5 3. exd5 exd5 4. Nf3 Bd6 5. Be2 Ne7 6. Be3 Nbc6 7. Nc3 f6 8. Nb5 Bg4 9. h3 Bf5 10. Bd3 Qd7 11. Qd2 O-O-O 12. Nxd6+ Qxd6 13. a3 Rhe8 14. O-O-O Bxd3 15. Qxd3 Qe6 16. Rhe1 Qf5 17. Qxf5+ Nxf5 18. g4 Nd6 19. Nd2 Kd7 20. b4 b6 21. c3 Ne4 22. Nxe4 Rxe4 23. f3 Re6 24. Bd2 Rde8 25. Rxe6 Rxe6 26. Re1 Rxe1+ 27. Bxe1 b5 28. Kc2 Ne7 29. Kb3 c6 30. a4 a6 31. a5 Ke6 32. Kc2 f5 33. Kd3 fxg4 34. hxg4 g6 35. Ke3 Ng8 36. Kf4 h6 37. Bd2 Kf6 38. Kg3 1/2-1/2

[Event "Campeonato de Aragon por Equipos 2025 - "]
[Site "?"]
[Date "2025.03.08"]
[Round "7.40"]
[White "Arino Lison, Juan Jose"]
[Black "Accattato Martin, Mario"]
[Result "0-1"]
[WhiteElo "2064"]
[BlackElo "2238"]
[PlyCount "84"]
[GameId "2155415467373985"]
[EventDate "2025.01.25"]
[WhiteTeam "Iberajedrez Mundo 64 B"]
[BlackTeam "Monzon"]

1. e4 d6 2. d4 Nf6 3. Nc3 Nbd7 4. f4 e5 5. Nf3 exd4 6. Nxd4 Nc5 7. Bd3 d5 8. e5 Ng4 9. Bb5+ c6 10. Nxc6 bxc6 11. Bxc6+ Bd7 12. Bxa8 Qxa8 13. Qxd5 Bc6 14. Qd2 Bxg2 15. Rg1 Bf3 16. h3 Nh6 17. Nb5 Qb7 18. Nd4 Ne6 19. Nxf3 Qxf3 20. Qe3 Qb7 21. Qb3 Qe4+ 22. Qe3 Qxc2 23. Qb3 Qe4+ 24. Qe3 Bb4+ 25. Kf1 Qd5 26. Qxa7 O-O 27. Qf2 Bc5 28. Be3 Qd3+ 29. Qe2 Qxe3 30. Qxe3 Bxe3 31. Rg2 Nxf4 32. Rg5 Bd4 33. Rb1 Ra8 34. a3 Nxh3 35. Rg3 Nf4 36. b4 Nf5 37. Rgb3 g5 38. Re1 h5 39. Re4 h4 40. Ke1 h3 41. Rxf4 gxf4 42. Rxh3 Be3 0-1

[Event "Campeonato de Aragon por Equipos 2025 - "]
[Site "?"]
[Date "2025.03.08"]
[Round "7.41"]
[White "Arrieta Restrepo, Steven"]
[Black "Sancho Cortes, Miguel Angel"]
[Result "1/2-1/2"]
[WhiteElo "2095"]
[BlackElo "2017"]
[PlyCount "108"]
[GameId "2155415467423138"]
[EventDate "2025.01.25"]
[WhiteTeam "Monzon"]
[BlackTeam "Iberajedrez Mundo 64 B"]

1. d4 f5 2. Nf3 Nf6 3. c4 d6 4. g3 g6 5. Bg2 Bg7 6. O-O O-O 7. Nc3 c6 8. Qc2 Qc7 9. b3 Na6 10. a3 e5 11. e3 e4 12. Nd2 Be6 13. b4 Qf7 14. b5 Nc7 15. bxc6 bxc6 16. Qa4 Bd7 17. Qa5 Ne6 18. Rb1 c5 19. d5 Nd8 20. h3 h5 21. h4 Ng4 22. Ne2 g5 23. hxg5 Qg6 24. Qc7 Ne5 25. Bb2 Ndf7 26. Bxe5 Nxe5 27. Nf4 Qxg5 28. Qxd6 h4 29. gxh4 Qxh4 30. Ng6 Nxg6 31. Qxg6 Rf6 32. Qg3 Qxg3 33. fxg3 Rg6 34. Rb7 Bc8 35. Rb3 Rxg3 36. Kf2 Be5 37. Rb5 Rg7 38. Rh1 f4 39. Bxe4 fxe3+ 40. Kxe3 Bd4+ 41. Kd3 Rg3+ 42. Kc2 Rc3+ 43. Kb1 Ba6 44. Rb3 Rxb3+ 45. Nxb3 Rb8 46. Kc2 Bxc4 47. Nxd4 cxd4 48. Rh6 Rd8 49. d6 a6 50. Bd3 Bf7 51. Bxa6 Kg7 52. Rh4 Rxd6 53. Bb5 Kf6 54. a4 Ke5 1/2-1/2

[Event "Campeonato de Aragon por Equipos 2025 - "]
[Site "?"]
[Date "2025.03.08"]
[Round "7.42"]
[White "Moreno Burillo, Marcos Antonio"]
[Black "Hidalgo Gracia, Andres"]
[Result "1-0"]
[WhiteElo "1906"]
[BlackElo "2036"]
[PlyCount "83"]
[GameId "2155415467464099"]
[EventDate "2025.01.25"]
[WhiteTeam "Iberajedrez Mundo 64 B"]
[BlackTeam "Monzon"]

1. d4 d5 2. c4 c6 3. Nf3 Nf6 4. Nc3 dxc4 5. e4 b5 6. Qc2 Bg4 7. Be3 Bxf3 8. gxf3 e6 9. a4 Qa5 10. Bd2 Qb6 11. Be3 Qa5 12. Bd2 Bb4 13. Rg1 g6 14. Qc1 Qb6 15. Be3 a6 16. Bh3 Qc7 17. Ke2 Bxc3 18. Qxc3 Nbd7 19. d5 e5 20. dxc6 Qxc6 21. axb5 axb5 22. Rxa8+ Qxa8 23. Rd1 Qb7 24. Qb4 h6 25. Qd6 Qc8 26. Qxf6 Nxf6 27. Bxc8 O-O 28. Ba6 Kg7 29. Rd6 Rb8 30. Rb6 Ra8 31. Bxb5 Rc8 32. Bxh6+ Kxh6 33. Rxf6 Kg7 34. Rc6 Rb8 35. Bxc4 Rxb2+ 36. Kf1 Rb7 37. Kg2 Ra7 38. Bd5 Re7 39. Rb6 Re8 40. Rb7 Rf8 41. Kg3 Kf6 42. f4 1-0

[Event "Campeonato de Aragon por Equipos 2025 - "]
[Site "?"]
[Date "2025.03.08"]
[Round "7.43"]
[White "Barranco Mananet, Fernando"]
[Black "Rene Villalba, Mireia"]
[Result "1-0"]
[WhiteElo "1949"]
[BlackElo "1819"]
[PlyCount "115"]
[GameId "2155415467500964"]
[EventDate "2025.01.25"]
[WhiteTeam "Monzon"]
[BlackTeam "Iberajedrez Mundo 64 B"]

1. e4 e6 2. d4 d5 3. exd5 exd5 4. Nf3 Bd6 5. c4 Nf6 6. Nc3 Be6 7. c5 Be7 8. Bf4 Nh5 9. Be3 Nc6 10. Bb5 Nf6 11. Ne5 Bd7 12. Bxc6 bxc6 13. Qa4 Qb8 14. O-O Qb7 15. b4 a6 16. Rab1 O-O 17. Nxd7 Nxd7 18. Nxd5 Bf6 19. Nf4 Rfd8 20. Rfd1 Nf8 21. Qb3 Bg5 22. a4 Bxf4 23. Bxf4 Ne6 24. Be3 Rd5 25. Qc4 Rad8 26. f4 g6 27. Rb3 Qa8 28. Rdd3 h5 29. Ra3 Qb7 30. Rab3 Rf5 31. g3 Rfd5 32. Kf2 Ng7 33. b5 axb5 34. axb5 cxb5 35. Rxb5 Qc6 36. Ra5 Qe6 37. Qa6 Qh3 38. Kg1 Nf5 39. Bf2 Nxd4 40. Rxd4 Rxd4 41. Bxd4 Rxd4 42. Qf1 Qxf1+ 43. Kxf1 Rc4 44. Ke2 Kf8 45. Ke3 Rc1 46. Kd4 Ke7 47. Kd5 Kd7 48. Ke5 Kc6 49. Kf6 Rxc5 50. Rxc5+ Kxc5 51. Kxf7 Kd5 52. Kxg6 c5 53. f5 c4 54. f6 c3 55. f7 c2 56. f8=Q c1=Q 57. Qf5+ Kd6 58. Qf4+ 1-0

[Event "Campeonato de Aragon por Equipos 2025 - "]
[Site "?"]
[Date "2025.03.08"]
[Round "7.44"]
[White "Gomez Salinas, Nestor"]
[Black "Luis Vitalla, Fernando"]
[Result "1/2-1/2"]
[WhiteElo "1978"]
[BlackElo "2066"]
[PlyCount "66"]
[GameId "2155415467546021"]
[EventDate "2025.01.25"]
[WhiteTeam "Palacio De Pioneros B"]
[BlackTeam "Atletismo Huesca"]

1. e4 c5 2. Nf3 Nc6 3. d4 cxd4 4. Nxd4 Nf6 5. Nc3 d6 6. Be3 Ng4 7. Nxc6 bxc6 8. Bc1 e5 9. f3 Nf6 10. Bc4 Be7 11. Qe2 O-O 12. O-O d5 13. exd5 cxd5 14. Bd3 Bc5+ 15. Kh1 Re8 16. Bg5 Bb7 17. Bb5 Re6 18. Na4 Be7 19. Qf2 Qa5 20. c4 dxc4 21. Nc3 Rc8 22. Bxf6 Rxf6 23. Qe2 Qc7 24. Rad1 Rd6 25. Rxd6 Bxd6 26. Rd1 a6 27. Bxc4 Bb4 28. Nd5 Qxc4 29. Qxc4 Rxc4 30. Nxb4 Kf8 31. Nd3 e4 32. fxe4 Bxe4 33. Ne1 Ke7 1/2-1/2

[Event "Campeonato de Aragon por Equipos 2025 - "]
[Site "?"]
[Date "2025.03.08"]
[Round "7.45"]
[White "Salamero Pelay, Fernando"]
[Black "Iglesias Fernandez, Luis"]
[Result "1-0"]
[WhiteElo "2052"]
[BlackElo "1858"]
[PlyCount "68"]
[GameId "2155415467591078"]
[EventDate "2025.01.25"]
[WhiteTeam "Atletismo Huesca"]
[BlackTeam "Palacio De Pioneros B"]

1. e4 g6 2. d4 Bg7 3. Nc3 d6 4. Be2 Nf6 5. h4 h5 6. Nf3 Na6 7. Bf4 c5 8. e5 dxe5 9. dxe5 Qxd1+ 10. Rxd1 Nd7 11. Bxa6 bxa6 12. Nd5 Kd8 13. e6 fxe6 14. Nc7 e5 15. Ne6+ Ke8 16. Nxg7+ Kf7 17. Nxe5+ Nxe5 18. Bxe5 Rg8 19. f4 Bg4 20. Rd3 Rxg7 21. Bxg7 Kxg7 22. Kd2 Rb8 23. Kc3 Rb4 24. Re1 Kf7 25. g3 Be6 26. Re5 Rc4+ 27. Kd2 Bf5 28. Rc3 Ra4 29. a3 c4 30. Ke3 Ke8 31. Kd4 Kd7 32. Rxc4 Rxc4+ 33. Kxc4 Bxc2 34. Ra5 Bd1 1-0

[Event "Campeonato de Aragon por Equipos 2025 - "]
[Site "?"]
[Date "2025.03.08"]
[Round "7.46"]
[White "Crespo Laborda, Alberto"]
[Black "Gella Bitrian, Diego"]
[Result "1-0"]
[WhiteElo "1845"]
[BlackElo "1990"]
[PlyCount "135"]
[GameId "2155415467640231"]
[EventDate "2025.01.25"]
[WhiteTeam "Palacio De Pioneros B"]
[BlackTeam "Atletismo Huesca"]

1. d4 Nf6 2. Nf3 g6 3. c4 Bg7 4. Nc3 O-O 5. e4 d6 6. Be2 e5 7. dxe5 dxe5 8. Qxd8 Rxd8 9. Nd5 Ne8 10. Bg5 f6 11. Rd1 Kf8 12. Be3 Na6 13. O-O c6 14. Nc3 Rxd1 15. Rxd1 Be6 16. b4 Kf7 17. a3 Bf8 18. c5 Nac7 19. Nd2 Rd8 20. Bc4 f5 21. Nf3 Rxd1+ 22. Nxd1 fxe4 23. Ng5+ Ke7 24. Bxe6 Nxe6 25. Nxh7 Nf6 26. Nxf6 Kxf6 27. Nc3 Kf5 28. h3 Nf4 29. g4+ Ke6 30. h4 Nd5 31. Nxe4 Nxe3 32. fxe3 Kd5 33. Nd2 b6 34. cxb6 axb6 35. Kf2 c5 36. bxc5 bxc5 37. Ke2 c4 38. Nb1 e4 39. Nc3+ Ke5 40. a4 Bb4 41. Kd2 Ba5 42. Kc2 Bb6 43. Nd1 Ba5 44. Nb2 Kd5 45. h5 gxh5 46. gxh5 Bd8 47. h6 Bf6 48. h7 Kc5 49. Nd1 Kb4 50. Nf2 Kxa4 51. Nxe4 Bg7 52. Ng5 Kb4 53. Ne6 Bf6 54. Nd4 Bh8 55. Ne6 Bf6 56. Ng5 Bg7 57. e4 Bf6 58. Nf7 Kc5 59. e5 Bg7 60. h8=Q Bxh8 61. Nxh8 Kd5 62. Ng6 Ke6 63. Kc3 Kd5 64. Kb4 Kd4 65. e6 c3 66. Nf4 c2 67. Ne2+ Ke5 68. e7 1-0

[Event "Campeonato de Aragon por Equipos 2025 - "]
[Site "?"]
[Date "2025.03.08"]
[Round "7.47"]
[White "Gella Lopez, Angel"]
[Black "Uceda Mazon, Alejandro"]
[Result "1-0"]
[WhiteElo "1977"]
[BlackElo "1692"]
[PlyCount "79"]
[GameId "2155415467738536"]
[EventDate "2025.01.25"]
[WhiteTeam "Atletismo Huesca"]
[BlackTeam "Palacio De Pioneros B"]

1. d4 d5 2. c4 c6 3. Nf3 Nf6 4. Qc2 e6 5. g3 Bd6 6. Bg2 Nbd7 7. O-O O-O 8. Nc3 Re8 9. Rd1 Qc7 10. e4 dxe4 11. Nxe4 Nxe4 12. Qxe4 Nf6 13. Qc2 c5 14. b3 cxd4 15. Nxd4 Bd7 16. Bb2 Rad8 17. Rac1 b6 18. a3 a5 19. Qc3 Qc5 20. Nc2 Qc7 21. Ne3 Bc6 22. Ng4 Be7 23. Ne5 Bxg2 24. Kxg2 Rxd1 25. Rxd1 Rd8 26. Rxd8+ Bxd8 27. Qf3 Qc8 28. Nc6 Qd7 29. Ne5 Qc8 30. g4 h6 31. h4 Qc7 32. g5 hxg5 33. hxg5 Nh7 34. g6 fxg6 35. Qa8 Nf8 36. Nc6 Bf6 37. Bxf6 gxf6 38. Qe8 Qf4 39. Ne7+ Kg7 40. Qxf8+ 1-0

[Event "Campeonato de Aragon por Equipos 2025 - "]
[Site "?"]
[Date "2025.03.08"]
[Round "7.48"]
[White "Bonet Herbera, Isabel"]
[Black "Carrasquer Alonso, Fernando"]
[Result "1-0"]
[WhiteElo "1990"]
[BlackElo "1959"]
[PlyCount "115"]
[GameId "2155415467787689"]
[EventDate "2025.01.25"]
[WhiteTeam "Binefar"]
[BlackTeam "Jaque - Aramovil B"]

1. e4 d6 2. d4 Nf6 3. Nc3 g6 4. Bg5 Bg7 5. e5 dxe5 6. dxe5 Qxd1+ 7. Rxd1 Nfd7 8. f4 Nb6 9. Nf3 c6 10. Be2 Bg4 11. O-O h6 12. Bh4 N8d7 13. Nd4 Bxe2 14. Ncxe2 g5 15. Bf2 gxf4 16. e6 Nf8 17. Nxf4 Bf6 18. exf7+ Kxf7 19. Nh5 Nh7 20. Be3 Ng5 21. Nf5 Nd5 22. Bd4 Kg6 23. Nxf6 exf6 24. c4 Nb6 25. Ne7+ Kh7 26. Bxf6 Rhf8 27. c5 Nc4 28. Rd7 Ne4 29. Nf5+ Kg6 30. Nh4+ Kh5 31. Rf5+ Ng5 32. Bg7 Rxf5 33. Nxf5 Kg6 34. Nd6 Ne3 35. Bd4 Nc2 36. Bc3 Ne6 37. Nxb7 Rf8 38. h3 h5 39. Rd2 Na1 40. b3 Nf4 41. Bxa1 Re8 42. Kh2 Re1 43. Rd6+ Kg5 44. h4+ Kg4 45. Bc3 Re2 46. Rd2 Re3 47. Bf6 Nd5 48. Bg5 Re1 49. Rd4+ Kf5 50. Nd6+ Ke5 51. Rd2 a6 52. Kg3 Nc7 53. Nc4+ Kf5 54. Rd3 Re2 55. Rf3+ Kg6 56. Rf6+ Kg7 57. Rxc6 Nb5 58. Rxa6 1-0

[Event "Campeonato de Aragon por Equipos 2025 - "]
[Site "?"]
[Date "2025.03.08"]
[Round "7.49"]
[White "Montoro Mavilla, Sergio"]
[Black "Ballarin Corvinos, Jorge"]
[Result "1-0"]
[WhiteElo "1944"]
[BlackElo "1865"]
[PlyCount "63"]
[GameId "2155415467840938"]
[EventDate "2025.01.25"]
[WhiteTeam "Jaque - Aramovil B"]
[BlackTeam "Binefar"]

1. e4 d6 2. d4 Nf6 3. Nc3 g6 4. Nf3 Bg7 5. Be2 O-O 6. O-O Nbd7 7. Re1 e5 8. Be3 Ng4 9. Bg5 f6 10. Bc1 Nb6 11. a4 Bd7 12. a5 Nc8 13. a6 b6 14. h3 exd4 15. hxg4 dxc3 16. Qd5+ Kh8 17. Qxa8 c6 18. b3 Qe7 19. Qb7 Qd8 20. Bf4 g5 21. Bg3 Bxg4 22. Qxc6 f5 23. exf5 Bxf5 24. Bd3 Bxd3 25. cxd3 h5 26. Ra4 Bf6 27. Rae4 Ne7 28. Qxd6 Nd5 29. Qxd8 Rxd8 30. Be5 Bxe5 31. Rxe5 Nb4 32. Re8+ 1-0

[Event "Campeonato de Aragon por Equipos 2025 - "]
[Site "?"]
[Date "2025.03.08"]
[Round "7.50"]
[White "Garcia Alriols, Jesus"]
[Black "Carrasquer Alonso, Luis"]
[Result "1-0"]
[WhiteElo "1852"]
[BlackElo "1883"]
[PlyCount "63"]
[GameId "2155415467877803"]
[EventDate "2025.01.25"]
[WhiteTeam "Binefar"]
[BlackTeam "Jaque - Aramovil B"]

1. e4 e5 2. Nf3 d6 3. d4 exd4 4. Nxd4 g6 5. Nc3 Nf6 6. f3 Bg7 7. Be3 Bd7 8. Qd2 Nc6 9. Be2 O-O 10. O-O-O Nxd4 11. Bxd4 h6 12. h4 Kh7 13. g4 Ng8 14. Bxg7 Kxg7 15. f4 f5 16. gxf5 gxf5 17. e5 Kh7 18. exd6 c6 19. Rde1 Rf6 20. Bc4 Qf8 21. Bxg8+ Qxg8 22. Rhg1 Qf8 23. Re7+ Rf7 24. Qg2 Be8 25. Qg6+ Kh8 26. Qe6 Rd8 27. Qe5+ Kh7 28. Qxf5+ Kh8 29. Qe5+ Rf6 30. Ne4 Rdxd6 31. Nxd6 Bg6 32. Rxg6 1-0

[Event "Campeonato de Aragon por Equipos 2025 - "]
[Site "?"]
[Date "2025.03.08"]
[Round "7.51"]
[White "Zazuliak, Kostiantyn"]
[Black "Rosa Garcia, Jesus"]
[Result "1-0"]
[WhiteElo "1868"]
[BlackElo "1842"]
[PlyCount "121"]
[GameId "2155415467918764"]
[EventDate "2025.01.25"]
[WhiteTeam "Jaque - Aramovil B"]
[BlackTeam "Binefar"]

1. d4 c5 2. d5 Qb6 3. Nc3 g6 4. e4 Bg7 5. Nf3 d6 6. Be2 Bg4 7. O-O a6 8. Nd2 Bxe2 9. Qxe2 Nf6 10. Nc4 Qc7 11. a4 O-O 12. f4 Nfd7 13. e5 dxe5 14. fxe5 Nxe5 15. Bf4 Nbd7 16. Rad1 f6 17. Rfe1 Rae8 18. Ne4 b5 19. axb5 axb5 20. d6 Qa7 21. Bxe5 fxe5 22. dxe7 Rxe7 23. Ncd6 c4+ 24. Kh1 Qb8 25. b3 cxb3 26. cxb3 Nf6 27. Nxf6+ Rxf6 28. Ne4 Rf4 29. Qd3 Ref7 30. g3 Rf3 31. Qd5 Qb7 32. Qxb7 Rxb7 33. Rd8+ Rf8 34. Rd5 Rbb8 35. Red1 Rf3 36. Rd8+ Rf8 37. Rxb8 Rxb8 38. Rd5 b4 39. Kg2 h6 40. h4 Kf7 41. Rd7+ Kf8 42. Kf3 Rb6 43. Ke3 g5 44. hxg5 hxg5 45. g4 Kg8 46. Kd3 Bf6 47. Kc4 Kf8 48. Kd5 Ke8 49. Ra7 Rb5+ 50. Ke6 Rb6+ 51. Nd6+ Kf8 52. Rf7+ Kg8 53. Rxf6 e4 54. Rf5 Kg7 55. Rxg5+ Kh6 56. Re5 Kg6 57. Rxe4 Kg5 58. Kd5 Rb8 59. Kc5 Kf6 60. Rxb4 Rc8+ 61. Nxc8 1-0

[Event "Campeonato de Aragon por Equipos 2025 - "]
[Site "?"]
[Date "2025.03.08"]
[Round "7.52"]
[White "Gracia Campo, Carlos Alberto"]
[Black "Barros Gutierrez, Angel Luis"]
[Result "1/2-1/2"]
[WhiteElo "2011"]
[BlackElo "1970"]
[PlyCount "95"]
[GameId "2155415467967917"]
[EventDate "2025.01.25"]
[WhiteTeam "El Olivar B"]
[BlackTeam "Agrupacion B"]

1. e4 c5 2. Nf3 Nc6 3. d4 cxd4 4. Nxd4 Nf6 5. Nc3 d6 6. Bb5 Bd7 7. O-O g6 8. Re1 Bg7 9. Nxc6 bxc6 10. Bc4 O-O 11. Bg5 Qc7 12. Qd2 Rfe8 13. h3 Rad8 14. Rad1 Be6 15. Bb3 Nd7 16. Qe3 Nb6 17. f4 Nc4 18. Bxc4 Bxc4 19. b3 Qa5 20. e5 Be6 21. Rd4 dxe5 22. Rxd8 Qxd8 23. fxe5 Qb6 24. Na4 Qxe3+ 25. Rxe3 h6 26. Bh4 Bf5 27. c4 g5 28. Be1 Rd8 29. Nc5 e6 30. Bb4 h5 31. a3 g4 32. hxg4 hxg4 33. Nb7 Rd1+ 34. Kf2 Bh6 35. Re1 Rd3 36. Nc5 g3+ 37. Ke2 Re3+ 38. Kd1 Bg4+ 39. Kc2 Bf5+ 40. Kd1 Bg4+ 41. Kc2 Bf3 42. gxf3 g2 43. Rg1 Re2+ 44. Kd3 Re3+ 45. Kd4 Re2 46. Kd3 Re3+ 47. Kd4 Re2 48. Kd3 1/2-1/2

[Event "Campeonato de Aragon por Equipos 2025 - "]
[Site "?"]
[Date "2025.03.08"]
[Round "7.53"]
[White "Carruez Berges, Santiago"]
[Black "Jaso Escudero, Julen"]
[Result "1-0"]
[WhiteElo "1910"]
[BlackElo "1925"]
[PlyCount "95"]
[GameId "2155415468008878"]
[EventDate "2025.01.25"]
[WhiteTeam "Agrupacion B"]
[BlackTeam "El Olivar B"]

1. Nf3 d5 2. g3 Nf6 3. Bg2 c5 4. O-O Nc6 5. d3 Bf5 6. Nbd2 e6 7. c3 Bd6 8. Re1 e5 9. e4 dxe4 10. dxe4 Bg6 11. Nh4 Bc7 12. Qc2 O-O 13. Nf1 Qc8 14. Ne3 Ne7 15. Nxg6 hxg6 16. a4 Qe6 17. Bf1 Ng4 18. Qe2 Nxe3 19. Bxe3 b6 20. a5 Nc8 21. Qc4 Qc6 22. Qb5 Qxb5 23. Bxb5 Ne7 24. a6 Rfd8 25. Kf1 Rd6 26. b4 cxb4 27. cxb4 Rad8 28. Rac1 Bb8 29. Rc2 f6 30. Ke2 Kf8 31. Rec1 f5 32. f3 Ng8 33. exf5 gxf5 34. Rc6 Ne7 35. Rxd6 Rxd6 36. Bg5 Kf7 37. h4 g6 38. Bc4+ Ke8 39. g4 fxg4 40. fxg4 Rd4 41. Kf3 Bd6 42. Be3 Bxb4 43. Bxd4 exd4 44. Ke4 Bd2 45. Bb5+ Kd8 46. Rf1 Be3 47. Rf7 Bg1 48. Rh7 1-0

[Event "Campeonato de Aragon por Equipos 2025 - "]
[Site "?"]
[Date "2025.03.08"]
[Round "7.54"]
[White "Bailo Remacha, Santiago"]
[Black "Guerra Perez, Rafael"]
[Result "1/2-1/2"]
[WhiteElo "1919"]
[BlackElo "1848"]
[PlyCount "183"]
[GameId "2155415468049839"]
[EventDate "2025.01.25"]
[WhiteTeam "El Olivar B"]
[BlackTeam "Agrupacion B"]

1. c4 c5 2. Nc3 Nc6 3. b3 Nf6 4. Bb2 g6 5. Ne4 e5 6. Nxf6+ Qxf6 7. Nf3 Bg7 8. g3 O-O 9. Bg2 d6 10. d3 Qe7 11. O-O Re8 12. Qd2 Be6 13. e3 Bh6 14. Qc3 Qd7 15. d4 exd4 16. exd4 Bg7 17. Qd2 Bg4 18. d5 Bxf3 19. Bxf3 Nd4 20. Bxd4 Bxd4 21. Rae1 Qf5 22. Kg2 Kg7 23. Re2 Qf6 24. Qd3 Rxe2 25. Qxe2 Qe5 26. Qxe5+ Bxe5 27. Re1 Kf6 28. Bg4 h5 29. Bd7 Rd8 30. Ba4 g5 31. h4 g4 32. f4 gxf3+ 33. Kxf3 a5 34. Re4 Kg6 35. g4 f5 36. gxf5+ Kxf5 37. Re2 Bf6 38. Re6 Bxh4 39. b4 Rf8 40. bxc5 dxc5 41. Bc2+ Kg5+ 42. Ke3 Bf2+ 43. Ke2 Bd4 44. Rg6+ Kf4 45. d6 Re8+ 46. Kf1 Rd8 47. Kg2 Be5 48. Rg3 Rxd6 49. Rf3+ Kg4 50. Bf5+ Kg5 51. Be4 Rd2+ 52. Kf1 Bd4 53. a3 b6 54. a4 h4 55. Bf5 Rb2 56. Bd7 Rb4 57. Bb5 Kg4 58. Rd3 Kf4 59. Rh3 Bf6 60. Kg2 Ke4 61. Bc6+ Kd4 62. Rf3 Be5 63. Bb5 Rb2+ 64. Kh3 Bg3 65. Rf6 Rb3 66. Kg4 Be1 67. Rf4+ Ke5 68. Rf5+ Ke6 69. Rf3 Rb1 70. Re3+ Kf6 71. Rf3+ Ke5 72. Re3+ Kd4 73. Re6 Bf2 74. Rxb6 Rg1+ 75. Kh3 Rg3+ 76. Kh2 Bg1+ 77. Kh1 Be3 78. Rd6+ Kc3 79. Re6 Kd2 80. Re4 Bf2 81. Re5 Be3 82. Re4 Rh3+ 83. Kg2 Rg3+ 84. Kh2 Bg5 85. Kh1 Kd3 86. Re5 Be3 87. Rd5+ Ke4 88. Bc6 Kf4 89. Rd8 Bd4 90. Rf8+ Ke3 91. Re8+ Kf2 92. Rf8+ 1/2-1/2

[Event "Campeonato de Aragon por Equipos 2025 - "]
[Site "?"]
[Date "2025.03.08"]
[Round "7.55"]
[White "Palasi Mainar, Miguel Angel"]
[Black "Vega Cieloszyk, Diego Piotr"]
[Result "0-1"]
[WhiteElo "1846"]
[BlackElo "1731"]
[PlyCount "44"]
[GameId "2155415468098992"]
[EventDate "2025.01.25"]
[WhiteTeam "Agrupacion B"]
[BlackTeam "El Olivar B"]

1. e4 c5 2. Nf3 d6 3. d4 cxd4 4. Nxd4 Nf6 5. Nc3 Nc6 6. Bc4 Qb6 7. Nde2 g6 8. Bg5 Bg7 9. Bb3 O-O 10. Qd2 a5 11. f3 Bd7 12. Bxf6 Bxf6 13. Nd5 Qc5 14. Nxf6+ exf6 15. a4 Be6 16. Qc3 Qxc3+ 17. Nxc3 Bxb3 18. cxb3 Nb4 19. Rd1 Rfd8 20. Nd5 Nxd5 21. Rxd5 Ra6 22. Kd2 Rb6 {tiempo} 0-1

[Event "Campeonato de Aragon por Equipos 2025 - "]
[Site "?"]
[Date "2025.03.08"]
[Round "7.56"]
[White "Carraminana Lopez, Luis Antonio"]
[Black "Malo Guillen, Jose Luis"]
[Result "1/2-1/2"]
[WhiteElo "1929"]
[BlackElo "2093"]
[PlyCount "84"]
[GameId "2155415468213681"]
[EventDate "2025.01.25"]
[WhiteTeam "Helios B"]
[BlackTeam "Las Fuentes"]

1. e4 e5 2. Nf3 Nc6 3. Bc4 Bc5 4. c3 Nf6 5. d3 d6 6. O-O O-O 7. h3 h6 8. Re1 a6 9. Bb3 Ba7 10. Nbd2 Re8 11. Nf1 Be6 12. Bc2 Ne7 13. Ng3 Ng6 14. d4 c6 15. Be3 Qd7 16. Qd2 Kh7 17. Nf5 Ng8 18. Rad1 Qd8 19. dxe5 Bxe3 20. Qxe3 Bxf5 21. exf5 Nxe5 22. Nxe5 Rxe5 23. Qxe5 dxe5 24. Rxd8 Rxd8 25. Rxe5 Nf6 26. Bb3 Rd7 27. Kf1 Kg8 28. Ke2 Kf8 29. g4 Re7 30. Rxe7 Kxe7 31. Ke3 Nd7 32. Kd4 Kf6 33. f4 Ke7 34. g5 f6 35. h4 Kd6 36. Be6 Nb6 37. b4 Nd7 38. Bxd7 Kxd7 39. a4 b6 40. a5 bxa5 41. bxa5 Kd6 42. Kc4 h5 1/2-1/2

[Event "Campeonato de Aragon por Equipos 2025 - "]
[Site "?"]
[Date "2025.03.08"]
[Round "7.57"]
[White "Mombiela De Sus, Jose Luis"]
[Black "Gonzalez Azuara, Javier"]
[Result "1/2-1/2"]
[WhiteElo "1918"]
[BlackElo "1803"]
[PlyCount "65"]
[GameId "2155415468258738"]
[EventDate "2025.01.25"]
[WhiteTeam "Las Fuentes"]
[BlackTeam "Helios B"]

1. f4 Nf6 2. Nf3 g6 3. g3 Bg7 4. Bg2 O-O 5. O-O c5 6. d3 d5 7. Qe1 d4 8. Na3 Nc6 9. c3 Re8 10. e4 e5 11. cxd4 cxd4 12. Nc4 Nd7 13. f5 Nc5 14. Qe2 gxf5 15. Nh4 fxe4 16. Bxe4 Nxe4 17. Qxe4 Re6 18. a4 Ne7 19. Bg5 Qd5 20. Rae1 Qxe4 21. Rxe4 f6 22. Bd2 Ng6 23. Nf5 Ne7 24. Nfd6 Bd7 25. b3 Bc6 26. Rg4 Rd8 27. Bh6 Ng6 28. Nf5 Bxh6 29. Nxh6+ Kg7 30. Nf5+ Kf7 31. Nh6+ Kg7 32. Nf5+ Kf7 33. Nh6+ 1/2-1/2